El lenguaje y la vida

Guardado en:
Bibliografiske detaljer
Hovedforfatter: Bally, Charles
Format: Bog
Sprog:Undetermined
Udgivet: Buenos Aires, Argentina Editorial Losada 1967
Udgivelse:5
Fag:
Tags: Tilføj Tag
Ingen Tags, Vær først til at tagge denne postø!

MARC

LEADER 00000nam a2200000Ia 4500
008 170316s9999 xx 000 0 und d
090 |a 410 B-5L 
100 |a Bally, Charles 
245 |a El lenguaje y la vida 
250 |a 5 
260 |a Buenos Aires, Argentina 
260 |b Editorial Losada 
260 |c 1967 
300 |a 236 páginas 
650 |a LINGÜÍSTICA 
999 |c 18261  |d 18261 
040 |a cru BVZT 
942 |c 15 D  |h 410 B-5L  |2 z